|
|
|
|
| LEADER |
00942nam a2200301 4500 |
| 001 |
000994268 |
| 003 |
CZ BrMZK |
| 005 |
20250408062738.0 |
| 007 |
ta |
| 008 |
010825s1990 xxka eng |
| 020 |
|
|
|a 0749400951
|q (váz.)
|
| 040 |
|
|
|a BOA001
|b cze
|
| 080 |
9 |
|
|a 371.13
|
| 245 |
0 |
0 |
|a Initial teacher education :
|b policies and progress /
|c edited by Norman J. Graves
|
| 250 |
|
|
|a 1st pub.
|
| 260 |
|
|
|a London :
|b Kogan Page,
|c 1990
|
| 300 |
|
|
|a 158 s. :
|b il.
|
| 490 |
1 |
|
|a London education studies
|
| 504 |
|
|
|a Bibliografie na s. 152-158
|
| 504 |
|
|
|a Obsahuje rejstřík
|
| 653 |
|
|
|a vzdělávání učitelů
|
| 655 |
|
7 |
|a sborníky
|7 fd163935
|2 czenas
|
| 700 |
1 |
|
|a Graves, Norman J.
|4 edt
|
| 710 |
2 |
|
|a University of London.
|b Institute of Education
|
| 830 |
|
0 |
|a London education studies
|
| 910 |
|
|
|a BOA001
|b AK-0003.231
|
| 990 |
|
|
|a BK
|
| 991 |
|
|
|b 200910
|s SKRYTO odpis
|y British Council Brno - Czech Republic
|z 000042835
|x 99
|